000 00857nam a22002777a 4500
001 9789
003 FISKH
005 20260224150936.0
008 260224b cb ||||| |||| 00| 0 eng d
020 _a1880892545
040 _aFISKH
_beng
_cFISKH
_dFISKH
082 _a398.2
100 _aNichols , Yuriko
245 _aForest fables /
_cBy Yuriko Nichols : Illustrated by Michelle Mallard
260 _aMelrose , FL :
_bCommon Sense Press ,
_c1998 .
300 _a35 pages :
_bcolor illustrations ;
_c19 cm.
505 _aK
520 _aIndividual reader to correspond with Learning Language Arts Through Literature, Grade 2.
521 8 _a520
_bLexile
521 8 _aK
_bRaz-Plus
650 _aFables
_vFiction
650 _aMom
_vFiction
700 _aMallard , Michelle
_eIllustrator
942 _2ddc
_cBK
_n0
999 _c9789
_d9789